|
|
|
|
| LEADER |
00000nam a2200000 a 4500 |
| 001 |
vtls001321738 |
| 003 |
SK-MaSNL |
| 005 |
20260301200225.0 |
| 008 |
251113s1974 xr 0 eng |
| 035 |
|
|
|a SNK000274399
|
| 040 |
|
|
|a SNK
|b slo
|c SNK
|e AACR2
|
| 041 |
0 |
|
|a eng
|
| 044 |
|
|
|a CZ
|
| 245 |
1 |
0 |
|a Biogenesis of Cell Organelles
|b papers presented at the Symposium at the Occasion of 15. Morphological Congress with International Participation held in Brno, September 25-29, 1972
|c editor: Milan Dvořák
|
| 260 |
|
|
|a Brno
|b Univ. J.E. Purkyně
|c 1974
|
| 300 |
|
|
|a 263 s.
|c 8°
|
| 490 |
1 |
|
|a Sborníky prací lék. fakulty Univ. J. E. Purkyně v Brně. Opuscula biologica
|v čís. 49
|
| 700 |
1 |
|
|a Dvořák, Milan
|4 adp
|9 291997
|
| 830 |
|
0 |
|a Sborníky prací lék. fakulty Univ. J. E. Purkyně v Brně. Opuscula biologica
|9 579116
|
| 958 |
|
|
|a OND
|
| 999 |
|
|
|c 889558
|d 891488
|
| 952 |
|
|
|a SNK
|b SNK
|y PREZ
|7 0
|p 17A0973809
|o snkSC 33635
|i snkKIP 5617/74
|0 0
|1 0
|4 0
|d 1998-02-20
|l 0
|r 2025-09-30 00:00:00
|w 2026-02-24
|
| 952 |
|
|
|t P60, <04>, [BOOK], {604}
|a SNK
|b SNK
|y VYP
|7 0
|o snkSC 33635 D1
|i snkKIP 5618/74
|0 0
|1 0
|4 0
|d 1998-02-20
|l 0
|r 2005-01-02 00:00:00
|w 2026-02-24
|